Groups: a path to geometry
Guardat en:
| Autor principal: | |
|---|---|
| Format: | Llibre |
| Idioma: | anglès |
| Publicat: |
Cambridge
Cambridge University
1985
|
| Matèries: | |
| Etiquetes: |
Afegir etiqueta
Sense etiquetes, Sigues el primer a etiquetar aquest registre!
|
MARC
| LEADER | 00000nam a2200000 a 4500 | ||
|---|---|---|---|
| 001 | UCP1440 | ||
| 003 | CL-VaPUC | ||
| 008 | 990409e19850000uk |||||||||||||||||eng|d | ||
| 082 | 0 | 4 | |a 512.2 |b BUR |2 21 |
| 100 | 0 | |a Burn, R. P |e author |9 427493 | |
| 245 | 1 | 0 | |a Groups: a path to geometry |
| 300 | |a 242 p | ||
| 942 | |c BK | ||
| 945 | |d 19990409 00:00:00 |a crobeson | ||
| 260 | |a Cambridge |b Cambridge University |c 1985 | ||
| 650 | 0 | |a Teoría de grupos |9 270028 | |
| 650 | 0 | |a Funciones |9 263869 | |
| 650 | 7 | |a PERMUTACIONES |2 CL-VaPUC |9 427494 | |
| 650 | 0 | |a Transformaciones lineales |9 24 | |
| 650 | 0 | |a Espacios vectoriales |9 21 | |
| 650 | 7 | |a HOMOMORFISMO |2 CL-VaPUC |9 427495 | |
| 583 | |a last modification |c 20130806 07:15:16 |k Rodrigo Vera | ||
| 999 | |c 280118 |d 280116 | ||
| 952 | |0 0 |1 0 |4 0 |6 512_200000000000000_BUR_1985 |7 0 |8 A |9 320127 |a BIBMAT |b BIBMAT |d 2019-11-20 |i 1340964 |o 512.2 BUR 1985 |p 1340964 |r 2025-01-07 |w 2019-11-20 |y BK |k MAT | ||
| 952 | |0 0 |1 0 |4 0 |6 512_200000000000000_BUR_1985 |7 0 |8 A |9 320128 |a BIBMAT |b BIBMAT |d 2019-11-20 |i 1340972 |o 512.2 BUR 1985 |p 1340972 |r 2025-01-07 |w 2019-11-20 |y BK |k MAT | ||